| 000 | 01034nam a22001937a 4500 | ||
|---|---|---|---|
| 999 |
_c21041 _d21041 |
||
| 003 | AR-CdUCM | ||
| 008 | 190725b ||||| |||| 00| 0 spa d | ||
| 040 |
_aMUNICIPALIDAD PROVINCIAL DEL CUSCO _cBIBLIOTECA MUNICIPAL DEL CUSCO |
||
| 082 |
_a370 / _bC81 |
||
| 110 |
_aMunicipalidad de Lima Metropolitana _96971 |
||
| 245 |
_aLa comunidad, el habito de la lectura y la auto-educación en el niño : _bcampaña metropolitana de lectura / |
||
| 260 |
_aLima : _bSecretaria municipal de educación y cultura, _c1986. |
||
| 300 |
_a83 páginas ; _bilustraciones ; fotografías ; _c20 cm. |
||
| 505 | _aContenido : Los programas de animación de lectura en los niños de la comunidad -- Las experiencias de los promotores de lectura y la autoeducación infantil en la comunidad -- Conclusiones y recomendaciones sobre el habito de lectura en los niños de la comunidad, capacitación de animadores voluntarios y la auto educación infantil. | ||
| 650 |
_aEducación _9460 |
||
| 650 |
_aLectura _92069 |
||
| 942 |
_2ddc _cLIBROS |
||
| 945 | _azta | ||